El suicidio del príncipe Ariel / (Record no. 27943)

MARC details
000 -LEADER
campo de control de longitud fija 00552nam a2200181 i 4500
001 - NÚMERO DE CONTROL
campo de control 27943
003 - IDENTIFICADOR DE NÚMERO DE CONTROL
campo de control ES-MaACL
005 - FECHA Y HORA DE LA ÚLTIMA TRANSACCIÓN
campo de control 20230906153732.0
008 - DATOS DE LONGITUD FIJA--INFORMACIÓN GENERAL
campo de control de longitud fija 030115s1929 sp |||| | spa d
100 1# - ENTRADA PRINCIPAL--NOMBRE DE PERSONA
Nombre de persona Balbontín, José Antonio,
Fechas asociadas al nombre 1893-1977
9 (RLIN) 24853
245 13 - MENCIÓN DEL TÍTULO
Título El suicidio del príncipe Ariel /
Mención de responsabilidad, etc. José Antonio Balbontín.
260 ## - PUBLICACIÓN, DISTRIBUCIÓN, ETC.
Lugar de publicación, distribución, etc. Madrid :
Nombre del editor, distribuidor, etc. [s.n.,
Fecha de publicación, distribución, etc. 1929] (
Fabricante Imp. Argis)
300 ## - DESCRIPCIÓN FÍSICA
Extensión 330 p. ;
Dimensiones 20 cm.
490 1# - MENCIÓN DE SERIE
Mención de serie La novela social
830 0# - PUNTO DE ACCESO ADICIONAL DE SERIE-TÍTULO UNIFORME
Título uniforme La novela social
9 (RLIN) 182565
852 ## - LOCALIZACIÓN
Ubicación ES-MaACL
Número de control de estantería B-2774
Holdings
Estatus retirado Estado de pérdida Estado de daño No para préstamo Biblioteca de origen Biblioteca actual Ubicación en estantería Fecha de adquisición Fuente de adquisición Total de préstamos Signatura topográfica completa Código de barras Visto por última vez Precio de reemplazo Tipo de ítem Koha
        Biblioteca del Ateneo de Madrid Biblioteca del Ateneo de Madrid Sala Pardo Bazán 17/01/2008     B-2774 1028851 23/02/2023 23/02/2023 Libro impreso